Social, Political, and Economic contexts in public relations : Theory and Cases

Αποθηκεύτηκε σε:
Λεπτομέρειες βιβλιογραφικής εγγραφής
Κύριος συγγραφέας: Culbertson, Hugh M.
Άλλοι συγγραφείς: Jeffers, Dennis W., Stone, Donna Besser, Terrell, Martin
Μορφή: Βιβλίο
Γλώσσα:English
Δημοσίευση: Hillsade, New Jersey : Lawrence Erlbaum Associates, 1993
Θέματα:
Ετικέτες: Προσθήκη ετικέτας
Δεν υπάρχουν, Καταχωρήστε ετικέτα πρώτοι!

MARC

LEADER 00000nam a2200000 i 4500
001 1/38295
008 960116s eng d
020 |a 0-8058-1013-7 
035 |l 10024835 
040 |a GR-MY-UA  |b gre  |e aacr 
041 0 |a eng 
082 0 |a 658.401 
100 1 |a Culbertson, Hugh M. 
245 1 0 |a Social, Political, and Economic contexts in public relations :  |b Theory and Cases /  |c Hugh M. Culbertson, Dennis W. Jeffers, Donna Besser Stone, Martin Terrel 
260 |a Hillsade, New Jersey :   |b Lawrence Erlbaum Associates,   |c 1993 
300 |a 322 p. 
500 |a Includes bibliographical references and index 
650 0 0 |a Issues management. 
650 0 0 |a Public relations  |x Case studies. 
700 1 |a Jeffers, Dennis W. 
700 1 |a Stone, Donna Besser. 
700 1 |a Terrell, Martin. 
852 |a INST  |b CHIOS  |e 19960116  |h 658.401 SOC  |p 005200001548  |q 005200001548  |t BK  |y 0 
909 |a Χ  |b 042011